Proceso de socialización y roles sexuales /
Las autoras señalan que en el proceso de socialización existen fuerzas histórico-culturales y ideológicas en compleja interacción, al igual que estructuras subjetivas, como la relación madre-hijo, en la cual se activan complejos sistemas de identificación que contribuyen a la formación de una identi...
Gardado en:
| Autor Principal: | |
|---|---|
| Outros autores: | |
| Formato: | Libro |
| Idioma: | Spanish |
| Materias: | |
| Etiquetas: |
Engadir etiqueta
Sen Etiquetas, Sexa o primeiro en etiquetar este rexistro!
|
MARC
| LEADER | 00000nam a22000007a 4500 | ||
|---|---|---|---|
| 003 | cru IIS | ||
| 005 | 20220711111011.0 | ||
| 007 | ta | ||
| 008 | 220711b |||||||| |||| 00| 0 spa d | ||
| 040 | |c cru IIS | ||
| 100 | 1 | |9 10461 |a Alvarez Hernández, Ana Teresa |e Autora | |
| 245 | 1 | |a Proceso de socialización y roles sexuales / |c Ana Teresa Alvarez Hernández, Angela Tischler | |
| 300 | |a 18 páginas | ||
| 520 | |a Las autoras señalan que en el proceso de socialización existen fuerzas histórico-culturales y ideológicas en compleja interacción, al igual que estructuras subjetivas, como la relación madre-hijo, en la cual se activan complejos sistemas de identificación que contribuyen a la formación de una identidad; y, por su parte, la identificación, como mecanismo de crecimiento del aparato psíquico, permite la interiorización de roles -conocer que pertenece a un sexo determinado-. Así, el trabajo examina los temas siguientes: desarrollo cognoscitivo e intelectual, sistema de valores diferenciales de la cultura, la mujer, proceso de socialización, conductas impuestas por la sociedad al hombre y la mujer, conflictos y valores. FH/mb | ||
| 650 | 0 | |9 2093 |a SOCIALIZACION | |
| 650 | 4 | |9 3405 |a ROLES SEXUALES | |
| 650 | 4 | |9 1971 |a ROL DE LA MUJER | |
| 650 | 0 | |9 5170 |a ROL MASCULINO | |
| 650 | 0 | |9 391 |a COMPORTAMIENTO SOCIAL | |
| 650 | 0 | |9 2134 |a INFLUENCIA SOCIAL | |
| 650 | 0 | |9 1427 |a DESARROLLO DE LA PERSONALIDAD | |
| 650 | 0 | |9 2102 |a PAPELES SOCIALES | |
| 650 | 0 | |9 2137 |a ESTRUCTURA SOCIAL | |
| 650 | 0 | |9 2120 |a PSICOLOGIA SOCIAL | |
| 700 | 1 | |9 10559 |a Tischler, Angela |e Autora | |
| 773 | 0 | |0 18811 |9 7572 |a Universidad de Costa Rica. Instituto de Investigaciones en Psicología |d San José, C.R.: Editorial de la UCR |o MFN: 13334 |t Actualidades en Psicología / | |
| 942 | |2 ddc |c PP | ||
| 999 | |c 44375 |d 44375 | ||
